[Event "16th Reykjavik op"]
[Site "Reykjavik ISL"]
[Date "1994.02.06"]
[Round "2"]
[White "Gretarsson, Helgi Ass"]
[Black "Olafsson, Helgi"]
[Result "0-1"]
[WhiteElo "2415"]
[BlackElo "2535"]
[EventDate "1994.02.05"]
[PlyCount "70"]

1.d4 Nf6 2.c4 e6 3.Nf3 d5 4.Nc3 Be7 5.cxd5 exd5 6.Bg5 c6 7.Qc2 Na6 8.e3 
Nb4 9.Qd1 Bf5 10.Rc1 a5 11.Be2 O-O 12.a3 Na6 13.O-O Nd7 14.Bf4 Nb6 15.Qb3 
Be6 16.Rfd1 Re8 17.Ne5 Bf8 18.Nd3 Re7 19.Na4 Nxa4 20.Qxa4 Qb6 21.Rc3 Bf5 
22.Rd2 Rae8 23.Qd1 Qd8 24.Bg4 Qd7 25.Ne5 Qe6 26.h3 Bxg4 27.Nxg4 b5 28.e4 
dxe4 29.Rg3 Nc7 30.Re2 Nd5 31.Qd2 f5 32.Nh6+ Kh8 33.Be5 f4 34.Rxe4 Qxh6 
35.Rg4 0-1

[Event "16th Reykjavik op"]
[Site "Reykjavik ISL"]
[Date "1994.02.06"]
[Round "2"]
[White "Budnikov, Andrei"]
[Black "Jonasson, Benedikt"]
[Result "1-0"]
[WhiteElo "2535"]
[BlackElo "2280"]
[EventDate "1994.02.05"]
[PlyCount "124"]

1.d4 Nf6 2.c4 c5 3.d5 g6 4.Nc3 Bg7 5.g3 O-O 6.Bg2 d6 7.Nf3 e6 8.O-O exd5 
9.cxd5 Na6 10.Nd2 Nc7 11.a4 b6 12.Qc2 Bb7 13.Qb3 a6 14.e4 b5 15.h3 Nd7 16.
Nf3 c4 17.Qc2 Ne5 18.Be3 Nd3 19.Nd4 Qd7 20.Rab1 Nc5 21.Rfd1 b4 22.Nce2 a5 
23.Nc6 b3 24.Qc1 Nxa4 25.Qxc4 Ba6 26.Qxa4 Bxe2 27.Rd2 Bb5 28.Qxb3 a4 29.
Qc2 a3 30.bxa3 Rxa3 31.Bd4 Bh6 32.Bb2 Raa8 33.Rd4 Na6 34.Bc1 Bxc1 35.Qxc1 
Nc7 36.e5 dxe5 37.Nxe5 Qd6 38.Qf4 Rae8 39.Ng4 Qxf4 40.Rxf4 f5 41.Ne3 Bd3 
42.Rb3 g5 43.Rd4 Be2 44.f4 gxf4 45.Rxf4 Re5 46.Kf2 Bh5 47.Rb2 Bg6 48.Rd4 
Bf7 49.Nc4 Rxd5 50.Bxd5 Bxd5 51.Ne3 Be4 52.Rb6 Re8 53.g4 Ne6 54.Rdd6 Ng7 
55.g5 Ra8 56.Nd5 Ra2+ 57.Ke3 Ra3+ 58.Kf4 Ne8 59.Nf6+ Nxf6 60.gxf6 Ra7 61.
Rd8+ Kf7 62.Rh8 1-0

[Event "16th Reykjavik op"]
[Site "Reykjavik ISL"]
[Date "1994.02.06"]
[Round "2"]
[White "Olafsson, David"]
[Black "Atalik, Suat"]
[Result "0-1"]
[WhiteElo "2270"]
[BlackElo "2530"]
[EventDate "1994.02.05"]
[PlyCount "100"]

1.e4 c5 2.Nf3 d6 3.d4 cxd4 4.Nxd4 Nf6 5.Nc3 Nc6 6.Bg5 e6 7.Qd2 a6 8.O-O-O 
h6 9.Bh4 Nxe4 10.Qf4 g5 11.Nxc6 Nxc3 12.Qd4 Nxa2+ 13.Kb1 bxc6 14.Qxh8 Qa5 
15.Bc4 Nc3+ 16.Qxc3 Qxc3 17.bxc3 gxh4 18.Ka2 d5 19.Bb3 c5 20.Rhe1 c4 21.
Ba4+ Bd7 22.Bxd7+ Kxd7 23.Re4 Rc8 24.Rxh4 Rc5 25.Kb2 Rb5+ 26.Kc1 Be7 27.
Rg4 e5 28.h4 h5 29.Rg7 Bxh4 30.g3 Bf6 31.Rxf7+ Ke6 32.Rf8 e4 33.Re1 Bxc3 
34.Rh1 Ra5 35.Rb8 d4 36.Rh4 Ra1+ 37.Rb1 Bd2+ 38.Kb2 Bc3+ 39.Kc1 Bd2+ 40.
Kb2 Rxb1+ 41.Kxb1 Kf5 42.Rxh5+ Kg4 43.Rd5 Bc3 44.Rd7 e3 45.Rg7+ Kf3 46.
Rf7+ Kg2 47.fxe3 dxe3 48.g4 e2 49.Re7 Kf2 50.Rf7+ Kg3 0-1

[Event "16th Reykjavik op"]
[Site "Reykjavik ISL"]
[Date "1994.02.06"]
[Round "2"]
[White "Van Wely, Loek"]
[Black "Bronstein, David"]
[Result "1-0"]
[WhiteElo "2570"]
[BlackElo "2400"]
[EventDate "1994.02.05"]
[PlyCount "87"]

1.d4 d5 2.c4 e6 3.Nf3 c5 4.cxd5 exd5 5.Nc3 Nc6 6.g3 c4 7.Bg2 Bb4 8.O-O 
Nge7 9.Bd2 O-O 10.b3 Na5 11.bxc4 Nxc4 12.Qb3 Nc6 13.Bg5 Qa5 14.Rac1 Be6 
15.Rfd1 Rac8 16.h4 h6 17.Bf4 Rfd8 18.Ne1 Nb6 19.Be3 Ne7 20.Bd2 Nc4 21.Nd3 
Bd6 22.Be1 Qb6 23.Qxb6 axb6 24.Nb5 Bb8 25.Rb1 g5 26.hxg5 hxg5 27.Rdc1 Bf5 
28.Rc3 Na5 29.Rd1 Nec6 30.Rdc1 Nc4 31.a4 Kg7 32.Bxd5 Rxd5 33.Rxc4 Bxd3 34.
exd3 Re8 35.Bd2 Kg6 36.Kg2 Bd6 37.Be3 f5 38.Rxc6 bxc6 39.Rxc6 Rd8 40.Rxb6 
f4 41.gxf4 Kf5 42.fxg5 Be7 43.Nc3 Ra5 44.Ne4 1-0

[Event "16th Reykjavik op"]
[Site "Reykjavik ISL"]
[Date "1994.02.06"]
[Round "2"]
[White "Sokolov, Ivan"]
[Black "Vidarsson, Jon"]
[Result "1-0"]
[WhiteElo "2650"]
[BlackElo "2310"]
[EventDate "1994.02.05"]
[PlyCount "82"]

1.d4 Nf6 2.c4 e6 3.Nc3 Bb4 4.Qc2 O-O 5.a3 Bxc3+ 6.Qxc3 b6 7.Nf3 Bb7 8.e3 
Ne4 9.Qc2 d6 10.Bd3 f5 11.O-O Nd7 12.Ne1 c5 13.f3 Nef6 14.b4 Qe7 15.Rb1 
Rac8 16.Qd2 Nh5 17.Be2 cxd4 18.Qxd4 e5 19.Qd2 f4 20.Qa2 Kh8 21.exf4 exf4 
22.Nd3 Qh4 23.Nf2 Ne5 24.Bb2 Rce8 25.Rbd1 Qg5 26.Nh3 Qg6 27.Rd2 Bc8 28.Nf2
Qh6 29.Bxe5 Rxe5 30.Ng4 Bxg4 31.fxg4 Nf6 32.Rxd6 Qg5 33.Qb2 Rfe8 34.Bf3 h6
35.h3 Re3 36.Bc6 Rf8 37.Qd4 Rxa3 38.Rxf4 Qh4 39.Rd8 Rxd8 40.Qxd8+ Kh7 41.
Be4+ 1-0

[Event "16th Reykjavik op"]
[Site "Reykjavik ISL"]
[Date "1994.02.06"]
[Round "2"]
[White "Link, Michael"]
[Black "Hjartarson, Johann"]
[Result "1/2-1/2"]
[WhiteElo "2290"]
[BlackElo "2595"]
[EventDate "1994.02.05"]
[PlyCount "84"]

1.e4 e5 2.Nf3 Nc6 3.Bb5 a6 4.Ba4 Nf6 5.O-O Nxe4 6.d4 b5 7.Bb3 d5 8.dxe5 
Be6 9.Nbd2 Nc5 10.h3 Be7 11.c3 d4 12.cxd4 Nxd4 13.Nxd4 Qxd4 14.Bxe6 Nxe6 
15.Nf3 Qe4 16.Re1 Qb7 17.Qe2 O-O 18.Be3 c5 19.b3 Rfd8 20.Red1 Qe4 21.Kf1 
h6 22.Bd2 Qc6 23.Be3 Rxd1+ 24.Rxd1 Rd8 25.Rxd8+ Bxd8 26.Qc2 Qd5 27.Ke2 Be7
28.g3 h5 29.h4 g6 30.Qd3 Nc7 31.Qxd5 Nxd5 32.Bd2 c4 33.bxc4 bxc4 34.Ba5 
Bc5 35.Nd2 c3 36.Ne4 Bd4 37.f4 c2 38.Kd2 Ne3 39.Kc1 Nc4 40.Bd2 Na3 41.Bb4 
Be3+ 42.Bd2 Bd4 1/2-1/2

[Event "16th Reykjavik op"]
[Site "Reykjavik ISL"]
[Date "1994.02.06"]
[Round "2"]
[White "Bjarnason, Saevar"]
[Black "Shneider, Alexander"]
[Result "0-1"]
[WhiteElo "2315"]
[BlackElo "2570"]
[EventDate "1994.02.05"]
[PlyCount "54"]

1.d4 Nf6 2.c4 e6 3.Nc3 Bb4 4.e3 c5 5.Bd3 Nc6 6.Nf3 O-O 7.O-O d5 8.a3 Bxc3 
9.bxc3 Qc7 10.cxd5 exd5 11.Qc2 c4 12.Be2 Ne7 13.Nh4 Re8 14.g3 Bh3 15.Re1 
Qd7 16.a4 Ng6 17.Ng2 h5 18.f3 Rac8 19.Bf1 Bf5 20.Qf2 Re6 21.a5 Nh7 22.Kh1 
Ng5 23.Ba3 Rf6 24.Be2 Ne4 25.fxe4 Bxe4 26.Qg1 h4 27.Bf1 Qh3 0-1

[Event "16th Reykjavik op"]
[Site "Reykjavik ISL"]
[Date "1994.02.06"]
[Round "2"]
[White "Sabalovs, Aleksandrs"]
[Black "Arnason, Throestur"]
[Result "1-0"]
[WhiteElo "2590"]
[BlackElo "2290"]
[EventDate "1994.02.05"]
[PlyCount "69"]

1.e4 e6 2.d4 d5 3.Nc3 Bb4 4.e5 c5 5.a3 Bxc3+ 6.bxc3 Ne7 7.Qg4 Qc7 8.Bd3 
cxd4 9.Ne2 dxc3 10.Qxg7 Rg8 11.Qxh7 Qxe5 12.Bf4 Qf6 13.h4 Rxg2 14.Kf1 e5 
15.Kxg2 exf4 16.Kf1 Bg4 17.Rg1 Bh3+ 18.Ke1 f3 19.Rg3 fxe2 20.Rxh3 Nbc6 21.
Bxe2 O-O-O 22.Rd1 Ng6 23.Qh5 d4 24.Bg4+ Kb8 25.Qg5 Qd6 26.Rxc3 f5 27.Bxf5 
Rf8 28.Rxc6 Qe5+ 29.Kf1 bxc6 30.Bxg6 Qh2 31.Bf5 Qh1+ 32.Ke2 Qd5 33.Rb1+ 
Ka8 34.Qe7 Qc4+ 35.Bd3 1-0

[Event "16th Reykjavik op"]
[Site "Reykjavik ISL"]
[Date "1994.02.06"]
[Round "2"]
[White "Pigusov, Evgeny"]
[Black "Halldorsson, Bragi"]
[Result "1-0"]
[WhiteElo "2570"]
[BlackElo "2225"]
[EventDate "1994.02.05"]
[PlyCount "102"]

1.Nf3 d5 2.g3 Nf6 3.Bg2 Bf5 4.c4 e6 5.Qb3 Qc8 6.d3 c6 7.O-O h6 8.Nc3 Be7 
9.cxd5 exd5 10.Be3 O-O 11.Rac1 Be6 12.Nd4 Qd7 13.Nxe6 fxe6 14.Bh3 Kh8 15.
Nb1 Bd6 16.Nd2 b6 17.Qa4 b5 18.Qc2 Rc8 19.Nb3 Re8 20.Bc5 a5 21.Nd4 Bxc5 
22.Qxc5 Ra6 23.Nxe6 Qf7 24.Nd4 Nbd7 25.Qd6 Ne5 26.Bg2 Qa7 27.Qc5 Qa8 28.
Qc2 Nfd7 29.Nf5 Qd8 30.d4 Nf7 31.Nh4 Qf6 32.e3 Nd6 33.Qg6 a4 34.Rc2 Re6 
35.Qxf6 Rxf6 36.Nf3 Nc4 37.Ne1 b4 38.b3 Na3 39.Rb2 Nb5 40.Nd3 axb3 41.axb3
Rb6 42.Ra1 Rf8 43.Ra4 Nc3 44.Rxb4 Rfb8 45.Rxb6 Rxb6 46.Bf1 Kg8 47.b4 Kf8 
48.Rc2 Nb1 49.Ra2 Nb8 50.Ra8 Nd2 51.Ne5 Ke7 1-0

[Event "16th Reykjavik op"]
[Site "Reykjavik ISL"]
[Date "1994.02.06"]
[Round "2"]
[White "Wojtkiewicz, Aleksander"]
[Black "Karason, Askell"]
[Result "1-0"]
[WhiteElo "2555"]
[BlackElo "2225"]
[EventDate "1994.02.05"]
[PlyCount "103"]

1.Nf3 c5 2.c4 Nf6 3.Nc3 b6 4.g3 Bb7 5.Bg2 g6 6.O-O Bg7 7.d4 cxd4 8.Qxd4 
O-O 9.Qh4 d6 10.Bh6 Nbd7 11.Rad1 Rc8 12.b3 Rc5 13.Ng5 Bxg2 14.Kxg2 Qa8+ 
15.Kg1 Re8 16.e4 Nf8 17.f3 a6 18.a4 Nh5 19.Bxg7 Kxg7 20.Nh3 Nf6 21.Nf2 
N8d7 22.Qf4 Ne5 23.Qe3 Qb7 24.Qe2 g5 25.Nd5 Nxd5 26.exd5 Rcc8 27.Ne4 f6 
28.f4 gxf4 29.gxf4 Ng6 30.Qe3 Kh8 31.Kh1 Rg8 32.Rd2 b5 33.axb5 axb5 34.c5 
dxc5 35.Nxc5 Qa8 36.b4 Rcd8 37.Qe4 Qa3 38.Rg1 Qh3 39.Rd3 Qh5 40.Ne6 Ra8 
41.Rdg3 Ra2 42.h3 Rc8 43.Nd4 Rd8 44.f5 Ne5 45.Nc6 Nxc6 46.dxc6 Qf7 47.c7 
Rc8 48.Rd3 Qe8 49.Rgd1 Kg7 50.Rd8 Qh5 51.Qxe7+ Kh6 52.Qxf6+ 1-0

[Event "16th Reykjavik op"]
[Site "Reykjavik ISL"]
[Date "1994.02.06"]
[Round "2"]
[White "Briem, Stefan"]
[Black "Khenkin, Igor"]
[Result "0-1"]
[WhiteElo "2205"]
[BlackElo "2555"]
[EventDate "1994.02.05"]
[PlyCount "58"]

1.e4 c5 2.d4 cxd4 3.c3 dxc3 4.Nxc3 Nc6 5.Nf3 e6 6.Bc4 Qc7 7.O-O Nf6 8.Qe2 
Ng4 9.Rd1 Bc5 10.Nb5 Qb8 11.Be3 Nxe3 12.fxe3 O-O 13.Rac1 a6 14.Nbd4 Be7 
15.Nxc6 dxc6 16.e5 b5 17.Bd3 c5 18.Bb1 Qc7 19.Rd4 g6 20.Rg4 Bb7 21.e4 c4 
22.Qd2 Rfd8 23.Qh6 Bf8 24.Qh3 Bg7 25.Rh4 h6 26.Kh1 Qc5 27.Rf1 Qe3 28.g3 
Rd1 29.Bc2 Qxf3+ 0-1

[Event "16th Reykjavik op"]
[Site "Reykjavik ISL"]
[Date "1994.02.06"]
[Round "2"]
[White "Steingrimsson, Hedinn"]
[Black "Werner, Bernd-Michael"]
[Result "0-1"]
[WhiteElo "2420"]
[BlackElo "2220"]
[EventDate "1994.02.05"]
[PlyCount "62"]

1.d4 Nf6 2.c4 g6 3.Nc3 Bg7 4.e4 d6 5.f3 O-O 6.Be3 c5 7.dxc5 dxc5 8.Bxc5 
Nc6 9.Be3 Be6 10.Nd5 Nd7 11.Qd2 Nde5 12.Rd1 Rc8 13.b3 f5 14.exf5 Bxf5 15.
Be2 e6 16.Bg5 Qe8 17.Nc3 Nf7 18.Bh4 g5 19.Bxg5 Nxg5 20.Qxg5 h6 21.Qg3 Kh7 
22.Nb5 Qe7 23.f4 Rcd8 24.Qe3 a6 25.Nc3 Qb4 26.Rc1 Bd4 27.Qf3 Qa3 28.Rd1 
Qa5 29.Rc1 Nb4 30.Kf1 Nc2 31.Nd1 Qe1# 0-1

[Event "16th Reykjavik op"]
[Site "Reykjavik ISL"]
[Date "1994.02.06"]
[Round "2"]
[White "Einarsson, Halldor"]
[Black "Bjornsson, Bjorn"]
[Result "0-1"]
[WhiteElo "2325"]
[BlackElo "2200"]
[EventDate "1994.02.05"]
[PlyCount "52"]

1.d4 Nf6 2.c4 e6 3.Nf3 b6 4.a3 c5 5.d5 Ba6 6.Qc2 exd5 7.cxd5 g6 8.Nc3 Bg7 
9.Bf4 O-O 10.Bd6 Re8 11.O-O-O b5 12.Bxc5 d6 13.Bd4 Nbd7 14.Kb1 Rc8 15.Qb3 
Nc5 16.Qb4 Nfe4 17.Nxe4 Nxe4 18.Bxg7 Kxg7 19.Qd4+ Kg8 20.Ne1 Rc4 21.Qxa7 
Qa5 22.Nd3 Qa4 23.Re1 b4 24.e3 Nd2+ 25.Ka1 bxa3 26.b4 Qc2 0-1

[Event "16th Reykjavik op"]
[Site "Reykjavik ISL"]
[Date "1994.02.06"]
[Round "2"]
[White "Van Parreren, Hanneke"]
[Black "Gislason, Gudmundur"]
[Result "0-1"]
[WhiteElo "2195"]
[BlackElo "2325"]
[EventDate "1994.02.05"]
[PlyCount "112"]

1.d4 Nf6 2.c4 g6 3.Nf3 Bg7 4.g3 O-O 5.Bg2 d6 6.O-O Nbd7 7.Nc3 e5 8.h3 Re8 
9.e4 c6 10.Re1 Qb6 11.Re2 exd4 12.Nxd4 Ng4 13.Nb3 Nge5 14.Be3 Qa6 15.c5 
dxc5 16.Nxc5 Nxc5 17.Bxc5 Nd3 18.Be3 Nxb2 19.Rxb2 Bxc3 20.Rd2 Be6 21.Bh6 
Qa5 22.Rd3 Bh8 23.Rb1 b6 24.a4 Rac8 25.Rd6 Be5 26.Rd2 Bf6 27.Be3 Bc3 28.
Rd3 Bg7 29.f4 c5 30.Rb5 Qa6 31.Rd6 Bf8 32.Rd2 Bc4 33.Rb1 Bg7 34.Qc2 Rcd8 
35.Rbd1 Rxd2 36.Rxd2 Be6 37.Qd1 Qc8 38.Kh2 c4 39.e5 c3 40.Rd6 c2 41.Qd2 
Bb3 42.Rc6 Qa6 43.a5 Rc8 44.axb6 axb6 45.Qc3 Rxc6 46.Qxc6 Qe2 47.Bc1 Bf8 
48.Qa8 Kg7 49.f5 Qxe5 50.Bh6+ Kxh6 51.Qxf8+ Qg7 52.Qa3 f6 53.Qc1+ g5 54.
Qa3 Qf7 55.Be4 Kg7 56.h4 Qc7 0-1

[Event "16th Reykjavik op"]
[Site "Reykjavik ISL"]
[Date "1994.02.06"]
[Round "2"]
[White "Thorhallsson, Gylfi"]
[Black "Thorsson, Olafur"]
[Result "1-0"]
[WhiteElo "2295"]
[BlackElo "2180"]
[EventDate "1994.02.05"]
[PlyCount "68"]

1.e4 e5 2.Nf3 Nc6 3.Bb5 a6 4.Ba4 d6 5.d4 b5 6.Bb3 Nxd4 7.Nxd4 exd4 8.a4 
Bb7 9.axb5 axb5 10.Rxa8 Bxa8 11.O-O Nf6 12.Na3 Be7 13.Nxb5 c5 14.f3 O-O 
15.Na3 d5 16.exd5 Nxd5 17.Nc4 Bg5 18.Re1 Bf4 19.Bxf4 Nxf4 20.Qd2 Qg5 21.
Re5 Qf6 22.Rxc5 Bd5 23.Qf2 Qg5 24.h4 Qe7 25.Ra5 Bxc4 26.Bxc4 Qb4 27.Rf5 
Ng6 28.Qxd4 Qe1+ 29.Kh2 Qe7 30.g3 Kh8 31.h5 Rd8 32.Rd5 Rxd5 33.Qxd5 Ne5 
34.Qa8+ 1-0

[Event "16th Reykjavik op"]
[Site "Reykjavik ISL"]
[Date "1994.02.07"]
[Round "3"]
[White "Atalik, Suat"]
[Black "Van der Sterren, Paul"]
[Result "1-0"]
[WhiteElo "2530"]
[BlackElo "2610"]
[EventDate "1994.02.05"]
[PlyCount "60"]

1.d4 d5 2.c4 dxc4 3.e3 Nf6 4.Bxc4 e6 5.Nf3 c5 6.O-O a6 7.Bb3 Nc6 8.Nc3 Be7
9.dxc5 Qxd1 10.Rxd1 Bxc5 11.Bd2 Bd7 12.Rac1 Ba7 13.Be1 O-O 14.Na4 Rfc8 15.
Nc5 Bxc5 16.Rxc5 Ne7 17.Rxc8+ Rxc8 18.Ne5 Bb5 19.Nc4 Bc6 20.Nb6 Re8 21.f3 
g5 22.e4 Nc8 23.Nc4 Nd7 24.Na5 Nc5 25.Nxc6 Nxb3 26.Ne5 Nc5 27.Ng4 Kg7 28.
Bc3+ e5 29.Rd5 Ne6 30.Rxe5 1-0

[Event "16th Reykjavik op"]
[Site "Reykjavik ISL"]
[Date "1994.02.07"]
[Round "3"]
[White "Stefansson, Hannes Hlifar"]
[Black "Kotronias, Vassilios"]
[Result "1/2-1/2"]
[WhiteElo "2525"]
[BlackElo "2545"]
[EventDate "1994.02.05"]
[PlyCount "101"]

1.e4 c5 2.Nf3 d6 3.d4 cxd4 4.Nxd4 Nf6 5.Nc3 Nc6 6.Bg5 e6 7.Qd2 Be7 8.O-O-O
O-O 9.f4 Nxd4 10.Qxd4 Qa5 11.Bc4 Bd7 12.e5 dxe5 13.fxe5 Bc6 14.Bd2 Nd7 15.
Nd5 Qd8 16.Nxe7+ Qxe7 17.Rhe1 Rfd8 18.Qg4 Nf8 19.Bd3 Rxd3 20.cxd3 Qd7 21.
Re3 Qd5 22.Kb1 Ng6 23.Rg3 Qxe5 24.Bc3 Qb5 25.h4 h5 26.Qe2 Bd5 27.b3 a5 28.
Qxh5 a4 29.Rxg6 fxg6 30.Qxg6 Qd7 31.b4 Rc8 32.Rc1 e5 33.Qg5 Qe6 34.Qd2 a3 
35.Re1 e4 36.dxe4 Bxe4+ 37.Ka1 Qc4 38.Rc1 Bg6 39.Qg5 Qe4 40.Qd2 Qxh4 41.
Be5 Rxc1+ 42.Qxc1 Kh7 43.Bc3 Qe4 44.b5 b6 45.Qe1 Qc4 46.g4 Kg8 47.Qe5 Qf1+
48.Be1 Qg2 49.Bc3 Qg1+ 50.Qe1 Qxg4 51.Bxg7 1/2-1/2

[Event "16th Reykjavik op"]
[Site "Reykjavik ISL"]
[Date "1994.02.07"]
[Round "3"]
[White "Zvjagintsev, Vadim"]
[Black "Arnason, Jon"]
[Result "1-0"]
[WhiteElo "2545"]
[BlackElo "2520"]
[EventDate "1994.02.05"]
[PlyCount "54"]

1.d4 Nf6 2.c4 e6 3.Nc3 Bb4 4.Nf3 b6 5.Bg5 h6 6.Bh4 Nc6 7.e3 Ba6 8.Bd3 Na5 
9.Qa4 Bxc3+ 10.bxc3 Qc8 11.Ne5 c6 12.Qa3 c5 13.Qa4 g5 14.Bg3 Ke7 15.d5 
exd5 16.cxd5 Bxd3 17.d6+ Ke6 18.Nxd3 Qc6 19.Qc2 c4 20.Nb4 Qxg2 21.O-O-O 
Qe4 22.Qe2 Rac8 23.f3 Qf5 24.e4 Qb5 25.e5 Nh5 26.f4 Nxg3 27.hxg3 1-0

[Event "16th Reykjavik op"]
[Site "Reykjavik ISL"]
[Date "1994.02.07"]
[Round "3"]
[White "Olafsson, Helgi"]
[Black "Shchekachev, Andrei"]
[Result "1/2-1/2"]
[WhiteElo "2535"]
[BlackElo "2470"]
[EventDate "1994.02.05"]
[PlyCount "32"]

1.d4 Nf6 2.Nf3 g6 3.g3 Bg7 4.Bg2 O-O 5.O-O d6 6.Nc3 Nbd7 7.e4 e5 8.h3 b6 
9.Re1 Bb7 10.d5 Kh8 11.Bd2 Ng8 12.b4 Bh6 13.h4 Bxd2 14.Qxd2 Ndf6 15.Bh3 
Nh5 16.Kg2 1/2-1/2

[Event "16th Reykjavik op"]
[Site "Reykjavik ISL"]
[Date "1994.02.07"]
[Round "3"]
[White "Petursson, Margeir"]
[Black "Sabalovs, Aleksandrs"]
[Result "0-1"]
[WhiteElo "2550"]
[BlackElo "2590"]
[EventDate "1994.02.05"]
[PlyCount "64"]

1.d4 d5 2.c4 c6 3.Nf3 Nf6 4.Nc3 e6 5.Bg5 dxc4 6.a4 b5 7.axb5 cxb5 8.Nxb5 
Qb6 9.Nc3 Qxb2 10.Bd2 Nd5 11.Nxd5 exd5 12.Rb1 Qa3 13.e4 Bd6 14.e5 Bc7 15.
Be2 Nc6 16.O-O O-O 17.Rb5 Be6 18.Rc5 Qa6 19.Bxc4 dxc4 20.d5 Bb6 21.Rxc6 
Bxd5 22.Rd6 Rfd8 23.Bc3 Qb7 24.Nh4 Be6 25.Qb1 Rab8 26.Qc2 Bc7 27.Rxd8+ 
Rxd8 28.Rc1 Rd3 29.Qe2 Qd5 30.h3 Bb6 31.Kh2 Rxc3 32.Rxc3 Qd4 0-1

[Event "16th Reykjavik op"]
[Site "Reykjavik ISL"]
[Date "1994.02.07"]
[Round "3"]
[White "Ehlvest, Jaan"]
[Black "Link, Michael"]
[Result "1-0"]
[WhiteElo "2610"]
[BlackElo "2290"]
[EventDate "1994.02.05"]
[PlyCount "58"]

1.d4 Nf6 2.Nf3 g6 3.c4 Bg7 4.Nc3 O-O 5.e4 d6 6.Be2 e5 7.Be3 h6 8.O-O Ng4 
9.Bc1 Nc6 10.d5 Ne7 11.Ne1 f5 12.Bxg4 fxg4 13.Be3 g5 14.c5 Ng6 15.b4 Nh4 
16.a4 Rf4 17.Rc1 Qe8 18.cxd6 Qh5 19.dxc7 Nf3+ 20.Nxf3 gxf3 21.Bxf4 exf4 
22.d6 Bd7 23.Nd5 Be5 24.Qxf3 g4 25.Qd3 Kh8 26.g3 f3 27.Ne3 Rg8 28.c8=Q 
Bxc8 29.d7 1-0

[Event "16th Reykjavik op"]
[Site "Reykjavik ISL"]
[Date "1994.02.07"]
[Round "3"]
[White "Hjartarson, Johann"]
[Black "Thorhallsson, Gylfi"]
[Result "1-0"]
[WhiteElo "2595"]
[BlackElo "2295"]
[EventDate "1994.02.05"]
[PlyCount "106"]

1.d4 Nf6 2.c4 e6 3.Nf3 d5 4.Nc3 Be7 5.Bf4 O-O 6.e3 c6 7.Qc2 Nbd7 8.h3 Re8 
9.a3 dxc4 10.Bxc4 b5 11.Bd3 a6 12.b4 a5 13.Rb1 axb4 14.axb4 Qb6 15.O-O Bb7
16.e4 Nf8 17.Rfd1 Rec8 18.Bg5 Qd8 19.e5 Nd5 20.Ne4 f6 21.exf6 gxf6 22.Bh4 
Ra3 23.Nc5 Bxc5 24.dxc5 Qe7 25.Rb3 Rca8 26.Be4 Ra2 27.Qc1 Ng6 28.Bg3 Bc8 
29.Nd4 Bd7 30.Bd6 Qg7 31.Rg3 f5 32.Bb1 R2a4 33.Nf3 Rxb4 34.Be5 Qf8 35.Rd4 
Rxb1 36.Qxb1 Qxc5 37.Rd1 Kf8 38.Bd4 Qe7 39.Qc1 Ke8 40.h4 f4 41.Rg5 Qf8 42.
h5 Nge7 43.Bg7 Qg8 44.h6 Kd8 45.Qc5 Qe8 46.Nd4 Ra4 47.Qd6 Qf7 48.Re1 Nc7 
49.Be5 Ne8 50.Qb8+ Nc8 51.Rd1 Rc4 52.Nb3 Re4 53.Nc5 1-0

[Event "16th Reykjavik op"]
[Site "Reykjavik ISL"]
[Date "1994.02.07"]
[Round "3"]
[White "Happel, Hendrik"]
[Black "Pigusov, Evgeny"]
[Result "0-1"]
[WhiteElo "2270"]
[BlackElo "2570"]
[EventDate "1994.02.05"]
[PlyCount "80"]

1.d4 Nf6 2.c4 c5 3.d5 e6 4.Nc3 exd5 5.cxd5 d6 6.e4 g6 7.f4 Bg7 8.Bb5+ Nfd7
9.Nf3 a6 10.Bd3 b5 11.O-O O-O 12.Kh1 Ra7 13.Be3 Re8 14.Bf2 Rc7 15.Re1 Bb7 
16.Bh4 Bf6 17.Bg3 b4 18.Na4 c4 19.Bc2 Nc5 20.e5 Be7 21.f5 dxe5 22.Bxe5 Rc8
23.d6 Bf8 24.fxg6 hxg6 25.Nxc5 Rxc5 26.Qd4 Nd7 27.Ba4 Bc6 28.Bxc6 Rxc6 29.
Bf4 Bg7 30.Qf2 c3 31.Rxe8+ Qxe8 32.Re1 Qd8 33.bxc3 bxc3 34.Ng5 c2 35.Bc1 
Bf6 36.Qh4 Bxg5 37.Bxg5 Qf8 38.Be7 c1=Q 39.Bxf8 Nxf8 40.d7 Nxd7 0-1

[Event "16th Reykjavik op"]
[Site "Reykjavik ISL"]
[Date "1994.02.07"]
[Round "3"]
[White "Jonasson, Benedikt"]
[Black "Wojtkiewicz, Aleksander"]
[Result "0-1"]
[WhiteElo "2280"]
[BlackElo "2555"]
[EventDate "1994.02.05"]
[PlyCount "58"]

1.e4 c5 2.Nf3 d6 3.d4 cxd4 4.Nxd4 Nf6 5.Nc3 a6 6.Bg5 e6 7.f4 Qc7 8.Bd3 b5 
9.a3 Nbd7 10.Qe2 Bb7 11.O-O-O Be7 12.Rhe1 O-O 13.Kb1 Nc5 14.e5 dxe5 15.
fxe5 Nd5 16.Nxd5 Bxd5 17.Bf6 Bxf6 18.exf6 g6 19.Qe3 Nd7 20.Rf1 Qb6 21.Be4 
Rae8 22.Qh6 Nxf6 23.Rxf6 Bxe4 24.Rf4 f5 25.Nxf5 exf5 26.Rd7 Bxc2+ 27.Kc1 
Qe3+ 28.Kxc2 Rc8+ 29.Kb1 Rc1+ 0-1

[Event "16th Reykjavik op"]
[Site "Reykjavik ISL"]
[Date "1994.02.07"]
[Round "3"]
[White "Khenkin, Igor"]
[Black "Olafsson, David"]
[Result "1-0"]
[WhiteElo "2555"]
[BlackElo "2270"]
[EventDate "1994.02.05"]
[PlyCount "62"]

1.d4 Nf6 2.c4 e5 3.dxe5 Ne4 4.a3 Qh4 5.g3 Qh5 6.Qd5 Nc5 7.Nd2 a5 8.Ngf3 
Qg6 9.Bh3 Nc6 10.Nh4 Qh5 11.Ndf3 d6 12.Bxc8 Ne7 13.Qd4 Nxc8 14.g4 dxe5 15.
Qxc5 Bxc5 16.gxh5 e4 17.Nd2 f5 18.Nxf5 O-O 19.Ne3 Nd6 20.Nb3 Bxe3 21.Bxe3 
Nxc4 22.Bd4 Rf7 23.Rg1 b6 24.Rc1 Nd6 25.Be5 Raf8 26.Rxc7 Rxc7 27.Bxd6 Rc2 
28.Bxf8 Rxb2 29.Rxg7+ Kxf8 30.Rg3 Ke7 31.Nd2 1-0

[Event "16th Reykjavik op"]
[Site "Reykjavik ISL"]
[Date "1994.02.07"]
[Round "3"]
[White "Sigfusson, Sigurdur"]
[Black "Rashkovsky, Nukhim"]
[Result "0-1"]
[WhiteElo "2250"]
[BlackElo "2535"]
[EventDate "1994.02.05"]
[PlyCount "90"]

1.d4 g6 2.e4 Bg7 3.Nc3 c6 4.Bc4 d6 5.Nf3 Nf6 6.Bb3 O-O 7.Bg5 Bg4 8.h3 Bxf3
9.Qxf3 Nbd7 10.O-O-O h6 11.Be3 e6 12.g4 d5 13.g5 dxe4 14.Qg2 hxg5 15.Bxg5 
Qa5 16.Rhe1 c5 17.Bxf6 Nxf6 18.d5 c4 19.Bxc4 Rac8 20.Qf1 b5 21.Nxb5 exd5 
22.Bb3 Rb8 23.Nc3 Rfc8 24.Kb1 Rxc3 25.bxc3 Qxc3 26.Re3 Qc5 27.Qe1 a5 28.a4
Nd7 29.Kc1 Nb6 30.Kd2 Bh6 31.Ke2 Bxe3 32.fxe3 Nc4 33.Qc3 Qc7 34.Rxd5 Qh2+ 
35.Ke1 Qg1+ 36.Ke2 Qg2+ 37.Ke1 Qh1+ 38.Ke2 Qg2+ 39.Ke1 Qh1+ 40.Ke2 Qf3+ 
41.Ke1 Nxe3 42.Rd4 Nxc2+ 43.Qxc2 Qe3+ 44.Kf1 Qxd4 45.Bxf7+ Kg7 0-1

[Event "16th Reykjavik op"]
[Site "Reykjavik ISL"]
[Date "1994.02.07"]
[Round "3"]
[White "Garcia, Gildardo"]
[Black "Gunnarsson, Arinbjorn"]
[Result "1-0"]
[WhiteElo "2520"]
[BlackElo "2235"]
[EventDate "1994.02.05"]
[PlyCount "126"]

1.e4 e6 2.d4 d5 3.Nd2 c5 4.Ngf3 a6 5.exd5 exd5 6.Be2 Nc6 7.O-O Bd6 8.dxc5 
Bxc5 9.Nb3 Ba7 10.Bg5 Nge7 11.Nfd4 h6 12.Bh4 Nxd4 13.Nxd4 Qd6 14.c3 Bxd4 
15.Qxd4 Nf5 16.Qd1 O-O 17.Bg3 Nxg3 18.hxg3 Be6 19.Qd4 Rac8 20.Rad1 Qc5 21.
f4 Bf5 22.Bf3 Be4 23.Rf2 Qxd4 24.Rxd4 f5 25.Rfd2 Rc7 26.Bd1 Rd8 27.Bb3 
Rcd7 28.g4 g6 29.Kf2 Kf8 30.gxf5 gxf5 31.Rb4 Rg7 32.g3 Rd6 33.Rbd4 Rgd7 
34.c4 Rd8 35.cxd5 Ke7 36.g4 Kf6 37.gxf5 Bxf5 38.Bd1 Rc8 39.Bf3 Bb1 40.a3 
Bf5 41.Rd1 Bg6 42.R4d2 Kf5 43.Ke3 b6 44.Be4+ Kf6 45.Bxg6 Kxg6 46.f5+ Kf6 
47.Kf4 Rcd8 48.Rh1 Rxd5 49.Rxh6+ Kf7 50.Rxd5 Rxd5 51.Rxb6 a5 52.Kg5 Rd7 
53.a4 Rd2 54.Rb7+ Kg8 55.Kg6 Rg2+ 56.Kf6 Re2 57.Rb8+ Kh7 58.Kf7 Rc2 59.f6 
Rc7+ 60.Ke6 Rc6+ 61.Ke7 Rc7+ 62.Kd6 Ra7 63.Ke6 1-0

[Event "16th Reykjavik op"]
[Site "Reykjavik ISL"]
[Date "1994.02.07"]
[Round "3"]
[White "Werner, Bernd-Michael"]
[Black "Kveinys, Aloyzas"]
[Result "0-1"]
[WhiteElo "2220"]
[BlackElo "2520"]
[EventDate "1994.02.05"]
[PlyCount "66"]

1.e4 c5 2.c4 Nc6 3.Nc3 g6 4.g3 Bg7 5.Bg2 e6 6.Nge2 Nge7 7.O-O O-O 8.d3 d6 
9.Rb1 b6 10.Be3 Nd4 11.e5 Rb8 12.Bxd4 cxd4 13.exd6 Qxd6 14.Ne4 Qc7 15.a4 
a5 16.b4 Nc6 17.bxa5 bxa5 18.Rb5 Nb4 19.Rxb8 Qxb8 20.Nc5 Qa7 21.Ne4 Qc7 
22.f4 h6 23.Nc1 Bd7 24.Re1 Na6 25.Re2 Rb8 26.Ra2 Rb4 27.Ra3 f5 28.Nd2 Nc5 
29.Qf3 Rxa4 30.Qa8+ Kh7 31.Rxa4 Bxa4 32.Kf2 Qb6 33.Qc8 Bd7 0-1

[Event "16th Reykjavik op"]
[Site "Reykjavik ISL"]
[Date "1994.02.07"]
[Round "3"]
[White "Bjornsson, Bjorn"]
[Black "Ivanov, Mikhail M."]
[Result "0-1"]
[WhiteElo "2200"]
[BlackElo "2525"]
[EventDate "1994.02.05"]
[PlyCount "70"]

1.d4 Nf6 2.c4 g6 3.Nc3 Bg7 4.e4 d6 5.h3 O-O 6.Nf3 Nbd7 7.e5 Ne8 8.c5 Nb8 
9.Bf4 Nc6 10.Bc4 dxe5 11.dxe5 Be6 12.Nd5 Na5 13.Bg5 Bxd5 14.Qxd5 Qxd5 15.
Bxd5 c6 16.Bd2 cxd5 17.Bxa5 f6 18.e6 f5 19.Rd1 Bxb2 20.O-O Nf6 21.Rd3 Ne4 
22.Rb3 Bf6 23.Rc1 Rfc8 24.Bb4 Rc6 25.Ba3 b6 26.cxb6 Rxb6 27.Rc7 Rxe6 28.
Rbb7 d4 29.Rxa7 Ra6 30.Rxa8+ Rxa8 31.Bb2 Rd8 32.Bc1 d3 33.Bd2 Nxd2 34.Nxd2
Bg5 35.Nf3 d2 0-1